Statystyki dla Zgadnij grę po opisie#1

Kliknij tutaj aby rozwiązać quiz!

Ogólne statystyki

  • Ten quiz został rozwiązany 203 razy
  • Średni wynik to 7 z 11

Statystyki odpowiedzi

OpisOdpowiedź% Poprawnych
Gra w której świat jest z kwadratówMinecraft
99%
Walutą w tej grze jest ROBUXRoblox
97%
Główną postacią w tej grze jest FreddyFive Night's at Freddy's
73%
W tej grze wystęuje postać o imieniu Trevor PhillipsGrand Theft Auto V
66%
Nadia Konkol - ..... ..... - ZadymiarzeBrawl stars
61%
Gra w której jest burza przed którą trzeba uciekaćFortnite
59%
W tej grze trzeba odnaleźć oszustaAmong Us
57%
W tej grze rośliny bronią trwanika/domu przed zombiePlants vs Zombies
57%
W tej grze kot łowi rybyCat Goes Fishing
42%
Gra w której łapiemy różne stworzenia chodzą po świciePokemon Go
38%
Straszna gra w której występuje dziewczynka z owcąAmanda the adventurer
9%

Rozkład punktacji

Percentyl według liczby udzielonych odpowiedzi

Procent ludzi z każdym wynikiem

Twoja historia wyników

Nie rozwiązałeś tego quizu